Skinnybones / (Record no. 2658)

MARC details
000 -LEADER
fixed length control field 00891cam a2200289 a 4500
005 - DATE AND TIME OF LATEST TRANSACTION
control field 20240109085121.0
020 ## - INTERNATIONAL STANDARD BOOK NUMBER
International Standard Book Number 067988792X (pbk) :
Terms of availability $3.99
020 ## - INTERNATIONAL STANDARD BOOK NUMBER
International Standard Book Number 079808003506
040 ## - CATALOGING SOURCE
Original cataloging agency PPLas
Transcribing agency PPLas
Modifying agency DLC
Language of cataloging eng
050 00 - LIBRARY OF CONGRESS CALL NUMBER
Classification number PZ7.P2197
Item number Sk 1997
082 00 - DEWEY DECIMAL CLASSIFICATION NUMBER
Classification number 813.54
Edition number 21
100 1# - MAIN ENTRY--PERSONAL NAME
Personal name Park, Barbara
245 10 - TITLE STATEMENT
Title Skinnybones /
Statement of responsibility, etc. Barbara Park
246 3# - VARYING FORM OF TITLE
Title proper/short title Skinny bones
260 ## - PUBLICATION, DISTRIBUTION, ETC.
Place of publication, distribution, etc. New York :
Name of publisher, distributor, etc. Alfred A. Knope,
Date of publication, distribution, etc. 1997
300 ## - PHYSICAL DESCRIPTION
Extent 112 pages ;
Dimensions 20 cm
505 ## - FORMATTED CONTENTS NOTE
Formatted contents note K
520 ## - SUMMARY, ETC.
Summary, etc. Alex's active sense of humor helps him get along with the school braggart, make the most of his athletic talents, and simply get by in a hectic world.
521 0# - TARGET AUDIENCE NOTE
Target audience note 620
Source Lexile
521 1# - TARGET AUDIENCE NOTE
Target audience note K
Source Raz-Plus
650 #1 - SUBJECT ADDED ENTRY--TOPICAL TERM
Topical term or geographic name entry element Baseball
General subdivision Fiction.
650 #1 - SUBJECT ADDED ENTRY--TOPICAL TERM
Topical term or geographic name entry element Schools
General subdivision Fiction.
650 #1 - SUBJECT ADDED ENTRY--TOPICAL TERM
Topical term or geographic name entry element Humorous stories.
906 ## - LOCAL DATA ELEMENT F, LDF (RLIN)
a 7
b cbc
c copycat
d 2
e opcn
f 19
g y-gencatlg
942 ## - ADDED ENTRY ELEMENTS (KOHA)
Source of classification or shelving scheme Dewey Decimal Classification
Koha item type Books
Suppress in OPAC No
999 ## -
-- 2658
-- 2658
Holdings
Withdrawn status Lost status Source of classification or shelving scheme Damaged status Not for loan Collection Home library Current library Shelving location Date acquired Total Checkouts Full call number Barcode Date last seen Date last checked out Price effective from Koha item type
    Dewey Decimal Classification     Juvenile Fiction Footprints International School Library Network Toul Kork Campus Footprints International School Library Network Toul Kork Campus   01/09/2024 1 PAR 813.54 PZ7.P2197 FIS00410 09/18/2024 09/11/2024 01/09/2024 Books